Contemporary American Architects: vol. IV

Saved in:
Bibliographic Details
Main Author: Jodidio, Philip (Author)
Format: Book
Language:English
Published: Koln : Benedikt Taschen Verlag, 1998
Subjects:
Tags: Add Tag
No Tags, Be the first to tag this record!

MARC

LEADER 00000nam a22000003a 4500
001 stu49441
005 20150617225709.6
008 990412s1998------------------------eng-d
020 |a 3-8228-7426-4 
040 |a STU  |b slo 
041 0 |a eng 
100 1 |a Jodidio, Philip  |4 aut 
245 1 |a Contemporary American Architects: vol. IV 
260 |a Koln :  |b Benedikt Taschen Verlag,  |c 1998 
300 |a 192 s 
500 |a obr. 
650 7 |a architekti americkí  |2 stusub 
996 |b 284AU02386  |c A*3187 U  |l AAKNST  |s P  |a 0  |w stu49441_0001 
996 |b 284AU00343  |c A*3186 U  |l AAKNAR  |s A  |a 24  |w stu49441_0003